| 000 | 00579pam a2200205 i 4500 | ||
|---|---|---|---|
| 001 | 2232580 | ||
| 005 | 20250604100211.0 | ||
| 008 | 760122s1976 nyu b 000 0 eng | ||
| 020 |
_a0816402922 : _c$10.95 |
||
| 050 | 0 | 0 |
_aBV4011 _b.H583 |
| 082 | 0 | 0 | _a253 |
| 100 | 1 |
_aHolmes, Urban T., _cIII, _d1930-1981. |
|
| 245 | 1 | 0 |
_aMinistry and imagination / _cUrban T. Holmes III. |
| 260 |
_aNew York : _bSeabury Press, _cc1976. |
||
| 300 |
_a279 p. ; _c24 cm. |
||
| 500 | _a"A Crossroad book." | ||
| 650 | 0 | _aPastoral theology. | |
| 650 | 0 | _aExperience (Religion) | |
| 942 |
_2lcc _cBK _n0 |
||
| 999 |
_c6247 _d6247 |
||